<?xml version="1.0" encoding="UTF-8"?>
<record
    xmlns:xsi="http://www.w3.org/2001/XMLSchema-instance"
    xsi:schemaLocation="http://www.loc.gov/MARC21/slim http://www.loc.gov/standards/marcxml/schema/MARC21slim.xsd"
    xmlns="http://www.loc.gov/MARC21/slim">

  <leader>00699nam a22001337a 4500</leader>
  <datafield tag="040" ind1=" " ind2=" ">
    <subfield code="c">RUA</subfield>
  </datafield>
  <datafield tag="082" ind1=" " ind2=" ">
    <subfield code="a">AED KRU 2018 B640 Or.1</subfield>
  </datafield>
  <datafield tag="100" ind1=" " ind2=" ">
    <subfield code="a">KRUY RAKSMEY &#x1782;&#x17D2;&#x179A;&#x17BB;&#x1799; &#x179A;&#x179F;&#x17D2;&#x1798;&#x17B8;</subfield>
  </datafield>
  <datafield tag="245" ind1=" " ind2=" ">
    <subfield code="a">the study on household's livelihood in sangkat sroyuv stueng sen city kampong thom province &#x1780;&#x17B6;&#x179A;&#x179F;&#x17B7;&#x1780;&#x17D2;&#x179F;&#x17B6;&#x179A;&#x17A2;&#x17C6;&#x1796;&#x17B8;&#x1780;&#x1798;&#x17D2;&#x179A;&#x17B7;&#x178F;&#x1787;&#x17B8;&#x179C;&#x1797;&#x17B6;&#x1796;&#x1794;&#x17D2;&#x179A;&#x1787;&#x17B6;&#x1787;&#x1793;&#x1793;&#x17C5;&#x179F;&#x1784;&#x17D2;&#x1780;&#x17B6;&#x178F;&#x17CB;&#x179F;&#x17D2;&#x179A;&#x17BD;&#x1799;&#x17BD;&#x179C; &#x1780;&#x17D2;&#x179A;&#x17BB;&#x1784;&#x179F;&#x17D2;&#x1791;&#x17B9;&#x1784;&#x179F;&#x17C2;&#x1793; &#x1781;&#x17C1;&#x178F;&#x17D2;&#x178F;&#x1780;&#x17C6;&#x1796;&#x1784;&#x17CB;&#x1792;&#x17C6;</subfield>
  </datafield>
  <datafield tag="260" ind1=" " ind2=" ">
    <subfield code="a">RUA</subfield>
    <subfield code="b">Phnom penh</subfield>
    <subfield code="c">2016</subfield>
  </datafield>
  <datafield tag="300" ind1=" " ind2=" ">
    <subfield code="a">x;54p</subfield>
    <subfield code="b">ill;</subfield>
    <subfield code="c">29cm</subfield>
  </datafield>
  <datafield tag="856" ind1=" " ind2=" ">
    <subfield code="u">https://drive.google.com/file/d/1JczpoJO2PX0fpEPFX8uI5LFNH7nt1eaY/view?usp=sharing</subfield>
  </datafield>
  <datafield tag="942" ind1=" " ind2=" ">
    <subfield code="c">AED</subfield>
  </datafield>
  <datafield tag="999" ind1=" " ind2=" ">
    <subfield code="c">18362</subfield>
    <subfield code="d">18362</subfield>
  </datafield>
  <datafield tag="952" ind1=" " ind2=" ">
    <subfield code="0">0</subfield>
    <subfield code="1">0</subfield>
    <subfield code="2">ddc</subfield>
    <subfield code="4">0</subfield>
    <subfield code="6">AED_KRU_2016_000000000000000_B640_OR_1</subfield>
    <subfield code="7">0</subfield>
    <subfield code="9">82231</subfield>
    <subfield code="a">LBB</subfield>
    <subfield code="b">LBB</subfield>
    <subfield code="c">B650</subfield>
    <subfield code="d">2019-11-04</subfield>
    <subfield code="o">AED KRU 2016 B640 Or.1</subfield>
    <subfield code="p">A42253</subfield>
    <subfield code="r">2019-11-04</subfield>
    <subfield code="w">2019-11-04</subfield>
    <subfield code="y">AED</subfield>
  </datafield>
  <datafield tag="952" ind1=" " ind2=" ">
    <subfield code="0">0</subfield>
    <subfield code="1">0</subfield>
    <subfield code="2">ddc</subfield>
    <subfield code="4">0</subfield>
    <subfield code="6">AED_KRU_2016_000000000000000_B640_OR_2</subfield>
    <subfield code="7">0</subfield>
    <subfield code="9">82232</subfield>
    <subfield code="a">LBB</subfield>
    <subfield code="b">LBB</subfield>
    <subfield code="c">B650</subfield>
    <subfield code="d">2019-11-04</subfield>
    <subfield code="o">AED KRU 2016 B640 Or.2</subfield>
    <subfield code="p">A42473</subfield>
    <subfield code="r">2019-11-04</subfield>
    <subfield code="w">2019-11-04</subfield>
    <subfield code="y">AED</subfield>
  </datafield>
  <datafield tag="952" ind1=" " ind2=" ">
    <subfield code="0">0</subfield>
    <subfield code="1">0</subfield>
    <subfield code="2">ddc</subfield>
    <subfield code="4">0</subfield>
    <subfield code="6">AED_KRU_2016_000000000000000_B640_OR_3</subfield>
    <subfield code="7">0</subfield>
    <subfield code="9">82233</subfield>
    <subfield code="a">LBB</subfield>
    <subfield code="b">LBB</subfield>
    <subfield code="c">B650</subfield>
    <subfield code="d">2019-11-04</subfield>
    <subfield code="o">AED KRU 2016 B640 Or.3</subfield>
    <subfield code="p">A42478</subfield>
    <subfield code="r">2019-11-04</subfield>
    <subfield code="w">2019-11-04</subfield>
    <subfield code="y">AED</subfield>
  </datafield>
  <datafield tag="952" ind1=" " ind2=" ">
    <subfield code="0">0</subfield>
    <subfield code="1">0</subfield>
    <subfield code="2">ddc</subfield>
    <subfield code="4">0</subfield>
    <subfield code="6">AED_KRU_2016_000000000000000_B640_OR_4</subfield>
    <subfield code="7">0</subfield>
    <subfield code="9">82234</subfield>
    <subfield code="a">LBB</subfield>
    <subfield code="b">LBB</subfield>
    <subfield code="c">B650</subfield>
    <subfield code="d">2019-11-04</subfield>
    <subfield code="o">AED KRU 2016 B640 Or.4</subfield>
    <subfield code="p">A42483</subfield>
    <subfield code="r">2019-11-04</subfield>
    <subfield code="w">2019-11-04</subfield>
    <subfield code="y">AED</subfield>
  </datafield>
  <datafield tag="952" ind1=" " ind2=" ">
    <subfield code="0">0</subfield>
    <subfield code="1">0</subfield>
    <subfield code="2">ddc</subfield>
    <subfield code="4">0</subfield>
    <subfield code="6">AED_KRU_2016_000000000000000_B640_OR_5</subfield>
    <subfield code="7">0</subfield>
    <subfield code="9">82235</subfield>
    <subfield code="a">LBB</subfield>
    <subfield code="b">LBB</subfield>
    <subfield code="c">B650</subfield>
    <subfield code="d">2019-11-04</subfield>
    <subfield code="o">AED KRU 2016 B640 Or.5</subfield>
    <subfield code="p">A42418</subfield>
    <subfield code="r">2019-11-04</subfield>
    <subfield code="w">2019-11-04</subfield>
    <subfield code="y">AED</subfield>
  </datafield>
  <datafield tag="952" ind1=" " ind2=" ">
    <subfield code="0">0</subfield>
    <subfield code="1">0</subfield>
    <subfield code="2">ddc</subfield>
    <subfield code="4">0</subfield>
    <subfield code="6">AED_KRU_2016_000000000000000_B640_OR_6</subfield>
    <subfield code="7">0</subfield>
    <subfield code="9">82236</subfield>
    <subfield code="a">LBB</subfield>
    <subfield code="b">LBB</subfield>
    <subfield code="c">B650</subfield>
    <subfield code="d">2019-11-04</subfield>
    <subfield code="o">AED KRU 2016 B640 Or.6</subfield>
    <subfield code="p">A42488</subfield>
    <subfield code="r">2019-11-04</subfield>
    <subfield code="w">2019-11-04</subfield>
    <subfield code="y">AED</subfield>
  </datafield>
</record>
